[Event "FIDE World Bl Team Pool A"]
[Site "London ENG"]
[Date "2025.06.14"]
[Round "9.3"]
[White "So, Wesley"]
[Black "Kunz, Andre"]
[Result "1-0"]
[WhiteTitle "GM"]
[BlackTitle "CM"]
[WhiteElo "2745"]
[BlackElo "2128"]
[WhiteTeam "WR Chess Team"]
[BlackTeam "Berlin Lasker Legends"]
[WhiteFideId "5202213"]
[BlackFideId "24623652"]
[EventDate "2025.06.14"]
[EventType "team"]

1. c4 e6 2. Nc3 d5 3. d4 c5 4. cxd5 exd5 5. Nf3 Nc6 6. g3 Nf6 7. Bg2 Be7 8. O-O
O-O 9. Bg5 c4 10. Ne5 Be6 11. b3 Qa5 12. Rc1 Bb4 13. Nxc6 bxc6 14. Na4 cxb3 15.
axb3 Ne4 16. Be3 Rac8 17. Ra1 Qb5 18. Qc2 c5 19. dxc5 Nxc5 20. Qb2 Nxa4 21. bxa4
Qa5 22. Bd4 Bc3 23. Bxc3 Rxc3 24. Rfd1 Rfc8 25. e3 h6 26. h4 R3c4 27. Rd4 Rc2
28. Qb7 Rc1+ 29. Rd1 Rxd1+ 30. Rxd1 Qxa4 31. Rb1 Qc2 32. Ra1 Qd2 33. Qxa7 Rc2
34. Qb8+ Kh7 35. Qf4 Rc4 36. Qf3 Rc2 37. Rd1 Qc3 38. Qf4 Rd2 39. Rxd2 Qxd2 40.
Bf3 Bh3 41. Kh2 Qxf2+ 42. Kxh3 Kg8 43. Bxd5 Qxf4 44. exf4 1-0

[Event "FIDE World Bl Team Pool A"]
[Site "London ENG"]
[Date "2025.06.14"]
[Round "9.4"]
[White "Stein, Theodor"]
[Black "Duda, Jan-Krzysztof"]
[Result "0-1"]
[BlackTitle "GM"]
[WhiteElo "1877"]
[BlackElo "2725"]
[WhiteTeam "Berlin Lasker Legends"]
[BlackTeam "WR Chess Team"]
[WhiteFideId "34602801"]
[BlackFideId "1170546"]
[EventDate "2025.06.14"]
[EventType "team"]

1. Nf3 d5 2. g3 b6 3. Bg2 Bb7 4. O-O e6 5. d4 Nd7 6. c4 dxc4 7. Nbd2 b5 8. a4 a6
9. e4 Ngf6 10. Re1 Be7 11. Qc2 c5 12. e5 Nd5 13. dxc5 Nxc5 14. axb5 axb5 15.
Rxa8 Bxa8 16. Nf1 Nd3 17. Rd1 O-O 18. Be3 Nxe3 19. Nxe3 Bc5 20. Ne1 Bxe3 21.
fxe3 Nxe1 22. Rxe1 Bxg2 23. Kxg2 Qd5+ 24. Kf2 Qxe5 25. Rd1 g6 26. Rd4 Rc8 27. b3
c3 28. Rd3 Qf5+ 29. Ke2 b4 30. Qc1 Qh5+ 31. Ke1 Qxh2 32. Rd7 Qg1+ 0-1

[Event "FIDE World Bl Team Pool A"]
[Site "London ENG"]
[Date "2025.06.14"]
[Round "9.5"]
[White "Kosteniuk, Alexandra"]
[Black "Ho, Ngoc Hai-Dang"]
[Result "1-0"]
[WhiteTitle "GM"]
[WhiteElo "2474"]
[BlackElo "1932"]
[WhiteTeam "WR Chess Team"]
[BlackTeam "Berlin Lasker Legends"]
[WhiteFideId "4128125"]
[BlackFideId "16206509"]
[EventDate "2025.06.14"]
[EventType "team"]

1. e4 e5 2. Nf3 Nc6 3. d4 exd4 4. Nxd4 Bc5 5. Nb3 Bb6 6. Nc3 Nf6 7. a4 a6 8. Bg5
h6 9. Bh4 g5 10. Bg3 d6 11. a5 Ba7 12. h4 g4 13. h5 Qe7 14. Bd3 Be6 15. Bh4 Bxb3
16. cxb3 Qe5 17. Bg3 Qe6 18. Bc4 Qe7 19. Qe2 O-O-O 20. Nd5 Nxd5 21. Bxd5 Nd4 22.
Qxg4+ Kb8 23. O-O Rhg8 24. Qh4 Ne2+ 25. Kh2 Qxh4+ 26. Bxh4 Rde8 27. Bxf7 Rxe4
28. g3 Rf8 29. Bd5 Re5 30. Bc4 Nd4 31. f4 Ree8 32. Kg2 Ne6 33. Rae1 Ng7 34. Be7
Rf7 35. Bxf7 1-0

[Event "FIDE World Bl Team Pool A"]
[Site "London ENG"]
[Date "2025.06.14"]
[Round "9.1"]
[White "Hong, Andrew"]
[Black "Bjerre, Jonas Buhl"]
[Result "1/2-1/2"]
[WhiteTitle "GM"]
[BlackTitle "GM"]
[WhiteElo "2589"]
[BlackElo "2651"]
[WhiteTeam "FIDE MB Team"]
[BlackTeam "¡Ållez-Y Initiative!"]
[WhiteFideId "2099438"]
[BlackFideId "1444948"]
[EventDate "2025.06.14"]
[EventType "team"]

1. c4 c5 2. Nf3 g6 3. g3 Bg7 4. Bg2 Nc6 5. Nc3 d6 6. d3 e6 7. Rb1 Nge7 8. a3 b6
9. Bd2 Bb7 10. O-O O-O 11. b4 Qd7 12. Qc1 Nd4 13. Nxd4 cxd4 14. Ne4 d5 15. Ng5
Rac8 16. c5 bxc5 17. bxc5 Ba8 18. Nf3 Qc7 19. Bf4 e5 20. Bh6 f6 21. Bd2 Qxc5 22.
Bb4 Qxc1 23. Rfxc1 Kf7 24. Nd2 Rxc1+ 25. Rxc1 Rc8 26. Rb1 Nc6 27. Bc5 Bf8 28.
Bxd5+ Kg7 29. Bxf8+ Kxf8 30. Ne4 Ke7 31. Rc1 f5 32. Ng5 h6 33. Nf3 Kd6 34. Bf7
g5 35. Bg6 Rf8 36. g4 fxg4 37. Nd2 Ne7 38. Be4 Bd5 39. Bxd5 Kxd5 40. Ne4 Rc8 41.
Rb1 Rc2 42. Kf1 Nf5 43. Ke1 Ra2 44. Rb5+ Ke6 45. Ra5 Ra1+ 46. Kd2 Rh1 47. Ra6+
Ke7 48. Rxa7+ Ke6 49. Ra6+ Ke7 50. Rf6 Nh4 51. Rxh6 Rxh2 52. Rb6 g3 53. fxg3 Nf5
54. a4 Ne3 55. Kc1 Rxe2 56. Nxg5 Rc2+ 57. Kb1 Rc3 58. Re6+ Kd7 59. Rxe5 Rxd3 60.
Nf3 Rd1+ 61. Ka2 Kd6 62. Re4 Kd5 63. Rxd4+ Rxd4 64. Nxd4 Kxd4 65. Kb3 Kc5 66.
Kc3 Ng4 67. Kd3 Kb4 68. Ke4 Kxa4 69. Kf5 Nf2 70. g4 Nxg4 71. Kxg4 1/2-1/2

[Event "FIDE World Bl Team Pool A"]
[Site "London ENG"]
[Date "2025.06.14"]
[Round "9.2"]
[White "Jacobsen, Mikkel Manosri"]
[Black "Short, Nigel D"]
[Result "1-0"]
[WhiteTitle "FM"]
[BlackTitle "GM"]
[WhiteElo "2223"]
[BlackElo "2587"]
[WhiteTeam "¡Ållez-Y Initiative!"]
[BlackTeam "FIDE MB Team"]
[WhiteFideId "1444514"]
[BlackFideId "400025"]
[EventDate "2025.06.14"]
[EventType "team"]

1. c4 e5 2. g3 d6 3. Bg2 Nc6 4. Nc3 Be6 5. d3 Qd7 6. Rb1 g6 7. b4 Bg7 8. Bd2
Nge7 9. Nd5 O-O 10. e3 a6 11. a4 b5 12. Nxe7+ Nxe7 13. Bxa8 Rxa8 14. cxb5 axb5
15. a5 Bd5 16. e4 Bb7 17. f3 f5 18. Ne2 d5 19. O-O dxe4 20. dxe4 fxe4 21. fxe4
Bxe4 22. Rc1 Bb7 23. Be3 Nd5 24. Bc5 Bh6 25. Qd3 Bxc1 26. Rxc1 Rd8 27. Rd1 Qc6
28. Qe4 Re8 29. Rd3 Nxb4 30. Qxc6 Nxc6 31. Rd7 Nxa5 32. Rxc7 Bc8 33. Nc3 Bh3 34.
Kf2 Nb3 35. Nxb5 Nxc5 36. Rxc5 1-0

[Event "FIDE World Bl Team Pool A"]
[Site "London ENG"]
[Date "2025.06.14"]
[Round "9.3"]
[White "Bologan, Victor"]
[Black "Muetsch, Annmarie"]
[Result "1-0"]
[WhiteTitle "GM"]
[BlackTitle "WIM"]
[WhiteElo "2601"]
[BlackElo "2271"]
[WhiteTeam "FIDE MB Team"]
[BlackTeam "¡Ållez-Y Initiative!"]
[WhiteFideId "13900048"]
[BlackFideId "12971367"]
[EventDate "2025.06.14"]
[EventType "team"]

1. e4 d6 2. d4 Nf6 3. Nc3 e5 4. Nf3 Nbd7 5. Bc4 Be7 6. O-O c6 7. a4 a5 8. Ba2 h6
9. Nh4 Nf8 10. dxe5 dxe5 11. Qxd8+ Bxd8 12. Nf5 Bxf5 13. exf5 N8d7 14. h3 O-O
15. g4 Bb6 16. Kg2 Kh7 17. Bc4 g6 18. fxg6+ fxg6 19. Bd2 Bd4 20. Rae1 g5 21. Ne2
Bc5 22. Ng3 Nd5 23. Bd3+ Kh8 24. Nf5 Rf6 25. h4 Nf4+ 26. Bxf4 gxf4 27. Kf3 Bf8
28. g5 Re6 29. Bc4 Ree8 30. b3 Nc5 31. Kg4 Rad8 32. f3 Rd2 33. Re2 Red8 34. Rfe1
Rxe2 35. Rxe2 hxg5 36. hxg5 Rd7 37. g6 1-0

[Event "FIDE World Bl Team Pool A"]
[Site "London ENG"]
[Date "2025.06.14"]
[Round "9.4"]
[White "Loftgaard, Mikkel Vinh"]
[Black "Al-Mudahka, Mohd"]
[Result "1/2-1/2"]
[WhiteTitle "FM"]
[BlackTitle "GM"]
[WhiteElo "2243"]
[BlackElo "2542"]
[WhiteTeam "¡Ållez-Y Initiative!"]
[BlackTeam "FIDE MB Team"]
[WhiteFideId "1468480"]
[BlackFideId "12100030"]
[EventDate "2025.06.14"]
[EventType "team"]

1. e4 d5 2. exd5 Nf6 3. Nc3 Nxd5 4. Nf3 Bg4 5. Be2 Nf4 6. O-O Nxe2+ 7. Qxe2 Nc6
8. Qe4 Qd7 9. Ne5 Nxe5 10. Qxe5 O-O-O 11. d3 a6 12. Be3 e6 13. Ne4 Qd5 14. Qc3
e5 15. h3 Bh5 16. Ng3 Bg6 17. f4 exf4 18. Bxf4 Qc5+ 19. Qxc5 Bxc5+ 20. Kh1 f6
21. Rae1 Rhe8 22. Bd2 Rxe1 23. Bxe1 Re8 24. Bc3 Bd6 25. Rf3 h5 26. Kg1 h4 27.
Nf5 Bxf5 28. Rxf5 Bg3 29. Kf1 Kd7 30. Rd5+ Kc6 31. Rd4 f5 32. a4 b5 33. axb5+
axb5 34. Bd2 g6 35. c4 bxc4 36. Rxc4+ Kb7 37. Rc1 c6 38. Be1 Rd8 39. Bxg3 hxg3
40. Ke2 Rd5 41. Rc4 Rb5 42. b4 Rd5 43. d4 Kb6 44. Kf3 Kb5 45. Rc5+ Kxb4 46. Rxc6
g5 47. Rg6 f4 48. h4 gxh4 49. Rh6 1/2-1/2

[Event "FIDE World Bl Team Pool A"]
[Site "London ENG"]
[Date "2025.06.14"]
[Round "9.5"]
[White "Zhu, Chen"]
[Black "Jalving, August"]
[Result "1-0"]
[WhiteTitle "GM"]
[BlackTitle "CM"]
[WhiteElo "2423"]
[BlackElo "2306"]
[WhiteTeam "FIDE MB Team"]
[BlackTeam "¡Ållez-Y Initiative!"]
[WhiteFideId "8600546"]
[BlackFideId "1471759"]
[EventDate "2025.06.14"]
[EventType "team"]

1. d4 Nf6 2. c4 e6 3. Nf3 d5 4. Nc3 c5 5. cxd5 Nxd5 6. e4 Nxc3 7. bxc3 cxd4 8.
cxd4 Bb4+ 9. Bd2 Bxd2+ 10. Qxd2 Nd7 11. Bd3 Nf6 12. O-O O-O 13. Qf4 h6 14. h4 b6
15. e5 Nd5 16. Qe4 Re8 17. Qh7+ Kf8 18. Qh8+ Ke7 19. Qxg7 Rh8 20. Bg6 Qg8 21.
Qxg8 Rxg8 22. Be4 Bb7 23. Nd2 Rg4 24. g3 Rag8 25. Kh2 Kd7 26. Rfc1 Ba6 27. a3
Be2 28. Re1 Ba6 29. Rac1 Rf8 30. Kh3 Rgg8 31. Bxd5 exd5 32. Re3 Kd8 33. Kh2 Rg4
34. f4 Rfg8 35. Rec3 Ke7 36. Rc7+ Ke6 37. R1c6+ 1-0

[Event "FIDE World Bl Team Pool A"]
[Site "London ENG"]
[Date "2025.06.14"]
[Round "9.6"]
[White "McCallum, Elliot"]
[Black "Zaiarski, Stepan"]
[Result "0-1"]
[WhiteElo "1924"]
[BlackElo "1932"]
[WhiteTeam "¡Ållez-Y Initiative!"]
[BlackTeam "FIDE MB Team"]
[WhiteFideId "2645718"]
[BlackFideId "13907000"]
[EventDate "2025.06.14"]
[EventType "team"]

1. e4 e5 2. Nf3 Nc6 3. d4 exd4 4. Nxd4 Qf6 5. Nf3 Bb4+ 6. c3 Bc5 7. Bc4 Nge7 8.
O-O d6 9. Nbd2 Bg4 10. h3 Bh5 11. b4 Bxb4 12. Rb1 Qxc3 13. Rb3 Bxf3 14. Qxf3
Qxf3 15. Nxf3 O-O 16. a3 Bc5 17. Be3 Na5 18. Rc3 Bxe3 19. fxe3 Nxc4 20. Rxc4 c6
21. Rb1 b6 22. e5 d5 23. Rc2 c5 24. Ng5 h6 25. Nf3 Ng6 26. Rd1 Rad8 27. Rcd2 Ne7
28. Kf2 Rd7 29. Ke2 Rfd8 30. a4 Nc6 31. Ra2 Kf8 32. Rad2 Ke7 33. Ra2 Ke6 34.
Rad2 Nxe5 35. Nxe5 Kxe5 36. Rf1 Ke6 37. Rfd1 d4 38. exd4 Rxd4 39. Rxd4 Rxd4 40.
Ra1 Ke5 41. Ke3 Rb4 42. Ra3 c4 43. g4 Rb3+ 0-1

[Event "FIDE World Bl Team Pool A"]
[Site "London ENG"]
[Date "2025.06.14"]
[Round "9.1"]
[White "Moussard, Jules"]
[Black "Hansen, Eric"]
[Result "1-0"]
[WhiteTitle "GM"]
[BlackTitle "GM"]
[WhiteElo "2597"]
[BlackElo "2609"]
[WhiteTeam "Knight Dance"]
[BlackTeam "ChessbrahTV"]
[WhiteFideId "642908"]
[BlackFideId "2606771"]
[EventDate "2025.06.14"]
[EventType "team"]

1. Nf3 Nf6 2. b3 g6 3. Bb2 Bg7 4. g3 b6 5. Bg2 Bb7 6. c4 c5 7. O-O d6 8. e3 O-O
9. d4 e6 10. Nbd2 Nbd7 11. Qe2 Rc8 12. Rac1 Qe7 13. Rfd1 Rfd8 14. a3 a6 15. b4
Bc6 16. b5 Bb7 17. a4 axb5 18. axb5 Ra8 19. Ra1 d5 20. Ne5 Nxe5 21. dxe5 Nd7 22.
cxd5 Bxd5 23. e4 Bb7 24. Nc4 Rxa1 25. Rxa1 Ra8 26. Rxa8+ Bxa8 27. Qd3 Bf8 28.
Qa3 Qd8 29. Qa7 h5 30. h4 Be7 31. Bc3 Kf8 32. Nd6 1-0

[Event "FIDE World Bl Team Pool A"]
[Site "London ENG"]
[Date "2025.06.14"]
[Round "9.2"]
[White "Ragnarsson, Dagur"]
[Black "Van Foreest, Jorden"]
[Result "0-1"]
[WhiteTitle "IM"]
[BlackTitle "GM"]
[WhiteElo "2349"]
[BlackElo "2687"]
[WhiteTeam "ChessbrahTV"]
[BlackTeam "Knight Dance"]
[WhiteFideId "2304058"]
[BlackFideId "1039784"]
[EventDate "2025.06.14"]
[EventType "team"]

1. Nf3 Nf6 2. g3 b5 3. Bg2 Bb7 4. d3 e6 5. e4 c5 6. O-O d6 7. Re1 Be7 8. d4 O-O
9. dxc5 dxc5 10. e5 Qxd1 11. Rxd1 Nd5 12. c4 bxc4 13. Nfd2 Nc6 14. Nxc4 Rad8 15.
Bd2 Nd4 16. Nc3 Nxc3 17. Bxc3 Nf3+ 18. Kh1 Ba8 19. Nd6 f6 20. Nc4 f5 21. Nd6 g5
22. Rac1 Rd7 23. Rd3 g4 24. Rcd1 Rfd8 25. Ba5 Nxe5 26. Bxd8 Nxd3 27. Rxd3 Bxg2+
28. Kxg2 Rxd8 0-1

[Event "FIDE World Bl Team Pool A"]
[Site "London ENG"]
[Date "2025.06.14"]
[Round "9.3"]
[White "Dardha, Daniel"]
[Black "Delaney, Killian"]
[Result "1-0"]
[WhiteTitle "GM"]
[BlackTitle "FM"]
[WhiteElo "2646"]
[BlackElo "2275"]
[WhiteTeam "Knight Dance"]
[BlackTeam "ChessbrahTV"]
[WhiteFideId "240990"]
[BlackFideId "2501570"]
[EventDate "2025.06.14"]
[EventType "team"]

1. Nf3 d5 2. e3 Nc6 3. d4 Bg4 4. c4 e5 5. cxd5 Qxd5 6. Nc3 Bb4 7. Be2 exd4 8.
O-O Qd7 9. exd4 Nf6 10. d5 Bxf3 11. Bxf3 Ne7 12. Bg5 Bxc3 13. bxc3 Nexd5 14.
Re1+ Kf8 15. c4 Nb6 16. Qb3 c5 17. Rad1 Qc7 18. Bh4 Re8 19. Rxe8+ Nxe8 20. Bg3
Qe7 21. a4 Qe6 22. a5 Qxc4 23. Qb1 Na4 24. Qxb7 Nc3 25. Re1 g5 26. Rxe8+ Kxe8
27. Qb8+ Ke7 28. Qd6+ Ke8 29. Bc6# 1-0

[Event "FIDE World Bl Team Pool A"]
[Site "London ENG"]
[Date "2025.06.14"]
[Round "9.4"]
[White "Vincent, Trevor"]
[Black "Maurizzi, Marc'Andria"]
[Result "0-1"]
[BlackTitle "GM"]
[WhiteElo "2226"]
[BlackElo "2607"]
[WhiteTeam "ChessbrahTV"]
[BlackTeam "Knight Dance"]
[WhiteFideId "2605600"]
[BlackFideId "36083534"]
[EventDate "2025.06.14"]
[EventType "team"]

1. Nf3 d5 2. d4 Nf6 3. c4 e6 4. Nc3 Bd7 5. g3 dxc4 6. Ne5 Bc6 7. Nxc6 Nxc6 8.
Bg2 Qd7 9. O-O Nxd4 10. Bxb7 Rb8 11. Bg2 Be7 12. e3 Nf5 13. Qe2 O-O 14. Rd1 Nd6
15. e4 e5 16. Be3 Rb7 17. Bc5 Qc6 18. Ba3 Rfb8 19. Nd5 Nxd5 20. exd5 Qa4 21.
Rac1 h6 22. Bf1 Bf6 23. Qc2 Qa5 24. Bxc4 Re8 25. Be2 e4 26. Qc6 Reb8 27. Rc5 Nb5
28. Bxb5 Rxb5 29. Qxc7 Qa4 30. Rdc1 e3 31. fxe3 Qe4 32. Qf4 Rxc5 33. Rxc5 Qb1+
34. Qf1 Qxa2 35. d6 Qe6 36. Qd3 Rd8 37. Rd5 Qd7 38. e4 Bg5 39. e5 Qe6 40. d7 h5
41. Kg2 h4 42. Qd4 h3+ 43. Kf2 Qf5+ 44. Ke2 Qc2+ 45. Kf3 Qxh2 46. Qxa7 Qg2+ 47.
Kg4 Qxd5 0-1

[Event "FIDE World Bl Team Pool A"]
[Site "London ENG"]
[Date "2025.06.14"]
[Round "9.5"]
[White "Roebers, Eline"]
[Black "Garcia Martin, Marta"]
[Result "1-0"]
[WhiteTitle "IM"]
[BlackTitle "IM"]
[WhiteElo "2356"]
[BlackElo "2339"]
[WhiteTeam "Knight Dance"]
[BlackTeam "ChessbrahTV"]
[WhiteFideId "1058401"]
[BlackFideId "32084030"]
[EventDate "2025.06.14"]
[EventType "team"]

1. e4 c5 2. Nf3 Nc6 3. d4 cxd4 4. Nxd4 Nf6 5. Nc3 d6 6. Nd5 Nxd5 7. exd5 Qa5+ 8.
Bd2 Qxd5 9. Nb5 Qe6+ 10. Be2 Qd7 11. c4 e6 12. Bf4 e5 13. Be3 Be7 14. O-O O-O
15. Qd2 a6 16. Nc3 Qd8 17. Nd5 Be6 18. Rad1 Rc8 19. b3 Bxd5 20. Qxd5 Qa5 21.
Qxa5 Nxa5 22. f4 Nc6 23. Bf3 b5 24. Be2 Rb8 25. Rd2 Rfd8 26. Rfd1 b4 27. Bf3 Nd4
28. Bxd4 exd4 29. Rxd4 a5 30. Rd5 Ra8 31. Rb5 Ra7 32. Kf2 Kf8 33. Rdd5 Bf6 34.
Rxa5 Bd4+ 35. Kg3 Rxa5 36. Rxa5 h6 37. Rb5 Bc5 38. Bd5 Re8 39. f5 Re3+ 40. Kf4
Re8 41. h4 Re7 42. g4 Be3+ 43. Kf3 Bc5 44. g5 hxg5 45. hxg5 Re5 46. Kg4 Re1 47.
f6 Rg1+ 48. Kh3 gxf6 49. gxf6 Kg8 50. Rb7 Rf1 51. Rxf7 Kh8 52. Kg4 Rf2 53. Rf8+
Kh7 54. Be4+ 1-0

[Event "FIDE World Bl Team Pool A"]
[Site "London ENG"]
[Date "2025.06.14"]
[Round "9.6"]
[White "Grose, Kameron"]
[Black "Phulpin, Theo"]
[Result "1-0"]
[WhiteElo "1907"]
[BlackElo "1773"]
[WhiteTeam "ChessbrahTV"]
[BlackTeam "Knight Dance"]
[WhiteFideId "474010"]
[BlackFideId "36001600"]
[EventDate "2025.06.14"]
[EventType "team"]

1. e4 c5 2. Nf3 d6 3. d4 cxd4 4. Nxd4 Nf6 5. Nc3 a6 6. Be3 e6 7. f3 b5 8. Qd2
Bb7 9. g4 Nfd7 10. g5 Nb6 11. Bh3 Nc4 12. Qe2 Nxb2 13. Ncxb5 Qa5+ 14. Bd2 Qb6
15. Rb1 axb5 16. Nxb5 Rxa2 17. Be3 Qa5+ 18. Bd2 Qb6 19. Be3 Qd8 20. Nc3 Qa5 21.
Bd2 Ra1 22. O-O Rxb1 23. Rxb1 Qc5+ 24. Kg2 Ba6 25. Qf2 Qa3 26. Qb6 Nd7 27. Qxb2
Qxb2 28. Rxb2 Be7 29. Kf2 O-O 30. f4 Nc5 31. Bg2 Rc8 32. Ne2 Bc4 33. Nd4 d5 34.
e5 g6 35. Bb4 Bf8 36. c3 Ne4+ 37. Bxe4 dxe4 38. Bxf8 Kxf8 39. Ke3 Bd3 40. Rb3
Ra8 41. Ne2 Ra2 42. Ng3 Rxh2 43. Nxe4 Bc4 44. Rb8+ Kg7 45. Nf6 Rh3+ 46. Kd4 h5
47. Rg8# 1-0

[Event "FIDE World Bl Team Pool A"]
[Site "London ENG"]
[Date "2025.06.14"]
[Round "9.1"]
[White "Oro, Faustino"]
[Black "Eren, Ataberk"]
[Result "1-0"]
[WhiteTitle "IM"]
[BlackTitle "IM"]
[WhiteElo "2465"]
[BlackElo "2423"]
[WhiteTeam "Turkish Airlines Sports Club"]
[BlackTeam "Satranc Istanbul"]
[WhiteFideId "20000197"]
[BlackFideId "6349765"]
[EventDate "2025.06.14"]
[EventType "team"]

1. d4 Nf6 2. Nf3 g6 3. g3 Bg7 4. Bg2 O-O 5. O-O d5 6. c3 b6 7. a4 a5 8. Bf4 Bb7
9. Nbd2 Nbd7 10. Re1 Nh5 11. Bg5 h6 12. Be3 Nhf6 13. h3 Re8 14. c4 e5 15. Nxe5
Nxe5 16. dxe5 Rxe5 17. Bd4 Re8 18. Qc2 Rc8 19. Rad1 Ba8 20. cxd5 Nxd5 21. Bxg7
Kxg7 22. Nc4 Nb4 23. Qc1 Qf6 24. Bxa8 Rxa8 25. Ne3 c6 26. Ng4 Qg5 27. Qc3+ Kg8
28. Nf6+ 1-0

[Event "FIDE World Bl Team Pool A"]
[Site "London ENG"]
[Date "2025.06.14"]
[Round "9.2"]
[White "Makaraci, Tunahan"]
[Black "Ahmad, Khagan"]
[Result "0-1"]
[WhiteTitle "FM"]
[BlackTitle "IM"]
[WhiteElo "2233"]
[BlackElo "2394"]
[WhiteTeam "Satranc Istanbul"]
[BlackTeam "Turkish Airlines Sports Club"]
[WhiteFideId "6356559"]
[BlackFideId "13431552"]
[EventDate "2025.06.14"]
[EventType "team"]

1. e4 c5 2. c3 Nf6 3. e5 Nd5 4. Nf3 d6 5. Bb5+ Bd7 6. Bc4 e6 7. d4 cxd4 8. cxd4
Nb6 9. Bd3 Bc6 10. O-O N8d7 11. Nc3 dxe5 12. dxe5 Nc5 13. Be2 Qxd1 14. Rxd1 Be7
15. Be3 Nd5 16. Nxd5 Bxd5 17. Bb5+ Nd7 18. Rac1 a6 19. Ba4 b5 20. Bb3 Bxf3 21.
gxf3 Nxe5 22. f4 Ng4 23. Rc7 Nxe3 24. fxe3 Bf6 25. Rdd7 O-O 26. f5 Bxb2 27. fxe6
fxe6 28. Bxe6+ Kh8 29. e4 Rae8 30. Rf7 Rxf7 31. Bxf7 Rd8 32. Bd5 Rf8 33. Kg2 h5
34. Ra7 Rf6 35. Bb7 Bd4 36. Rxa6 Rf2+ 37. Kg3 Rd2 38. Ra8+ Kh7 39. Bc6 Be5+ 40.
Kf3 Rxh2 41. Bxb5 Rh3+ 42. Kg2 Re3 43. Re8 Bf4 44. Bc4 h4 45. Be6 Rg3+ 46. Kf2
h3 47. Bxh3 Rxh3 48. Rf8 g5 49. Rf5 Kg6 50. a4 Ra3 51. a5 Kh5 52. Rd5 Kg4 53. e5
Ra2+ 54. Ke1 Kf5 55. Rb5 Bxe5 0-1

[Event "FIDE World Bl Team Pool A"]
[Site "London ENG"]
[Date "2025.06.14"]
[Round "9.3"]
[White "Southcott-Moyers, Indy"]
[Black "Eken, Atakan"]
[Result "1/2-1/2"]
[WhiteTitle "FM"]
[WhiteElo "2289"]
[BlackElo "2010"]
[WhiteTeam "Turkish Airlines Sports Club"]
[BlackTeam "Satranc Istanbul"]
[WhiteFideId "488542"]
[BlackFideId "6375626"]
[EventDate "2025.06.14"]
[EventType "team"]

1. d4 Nf6 2. c4 c5 3. d5 b5 4. cxb5 a6 5. b6 Qxb6 6. Nc3 d6 7. e4 g6 8. Nf3 Bg7
9. Be2 O-O 10. O-O Bg4 11. Nd2 Bxe2 12. Qxe2 Ne8 13. Nc4 Qc7 14. Bf4 Nd7 15.
Rfe1 Rb8 16. Rac1 Rb4 17. a3 Rb7 18. h4 h5 19. g3 Qd8 20. Rc2 Rb8 21. Kg2 Rb7
22. Rd2 Rb8 23. e5 Nxe5 24. Nxe5 dxe5 25. Bxe5 Bxe5 26. Qxe5 Rb7 27. Ne4 Qc7 28.
Qc3 c4 29. Rd4 Qb8 30. Re2 Rb3 31. Qxc4 Rxb2 32. Re3 a5 33. d6 Nxd6 34. Rxd6
exd6 35. Nf6+ Kg7 36. Qd4 Kh6 37. Qf4+ Kg7 38. Nxh5+ gxh5 39. Qg5+ Kh7 40. Qxh5+
Kg7 41. Qg5+ Kh7 42. Qf5+ Kg7 43. Qg5+ Kh7 44. Qf5+ Kg7 45. Re4 Qb7 46. Kh3 Qxe4
47. Qxe4 Rfb8 48. Qd4+ Kh7 49. Qxd6 R8b3 50. Qf6 Kg8 51. h5 Rb6 52. Qg5+ Kh7 53.
Qf5+ Kg8 54. f4 R2b5 55. Qg4+ Kh7 56. Qf3 Rb3 57. Qe4+ Kg7 58. Qe5+ Kh7 59. Qxa5
R3b5 60. Qa7 Rb7 61. Qd4 Rxh5+ 62. Kg4 Rhb5 63. a4 Rb4 64. Qd1 Kg7 65. Qa1+ f6
66. a5 R4b5 67. a6 Ra7 68. Qa4 Rb6 69. Qd4 Rbxa6 70. Qd5 Ra5 71. Qe6 R5a6 72.
Qd5 Ra5 73. Qe6 R5a6 74. Qd5 Ra5 75. Qe6 1/2-1/2

[Event "FIDE World Bl Team Pool A"]
[Site "London ENG"]
[Date "2025.06.14"]
[Round "9.4"]
[White "Tahaoglu, Ugur Barkin"]
[Black "Lohia, Sohum"]
[Result "1-0"]
[BlackTitle "FM"]
[WhiteElo "2015"]
[BlackElo "2364"]
[WhiteTeam "Satranc Istanbul"]
[BlackTeam "Turkish Airlines Sports Club"]
[WhiteFideId "6303331"]
[BlackFideId "5819369"]
[EventDate "2025.06.14"]
[EventType "team"]

1. d4 Nf6 2. Nf3 b6 3. Bg5 Bb7 4. Nbd2 g6 5. e3 Bg7 6. Bd3 d6 7. c3 O-O 8. O-O
Nbd7 9. Re1 e5 10. e4 Re8 11. Qc2 h6 12. Bh4 g5 13. Bg3 Nh5 14. dxe5 dxe5 15. b4
Nf4 16. Bf1 a5 17. a3 Qe7 18. Bb5 c6 19. Bf1 b5 20. Qb3 Nb6 21. c4 axb4 22. axb4
Rxa1 23. Rxa1 bxc4 24. Nxc4 Nxc4 25. Bxc4 Ra8 26. Rd1 Bc8 27. h3 Rb8 28. Bxf4
exf4 29. Rb1 Be6 30. Bxe6 Qxe6 31. Qc2 Re8 32. Re1 Qd6 33. Qc4 Rb8 34. e5 Qd5
35. Qxd5 cxd5 36. Rb1 Bf8 37. b5 Bc5 38. Kf1 Kf8 39. Ke2 Ke7 40. Kd3 Ra8 41. b6
Rb8 42. b7 Bxf2 43. Nd4 Kd7 44. Rb6 Kc7 45. Rf6 Kxb7 46. Rxf7+ Ka6 47. Rf6+ Kb7
48. Rf7+ Ka6 49. e6 Re8 50. e7 Bxd4 51. Kxd4 Kb7 52. Kxd5 Kc7 53. Ke6 h5 54. Rf8
Rxe7+ 55. Kxe7 1-0

[Event "FIDE World Bl Team Pool A"]
[Site "London ENG"]
[Date "2025.06.14"]
[Round "9.5"]
[White "Lu, Miaoyi"]
[Black "Kalender, Murat Emre"]
[Result "1-0"]
[WhiteTitle "IM"]
[WhiteElo "2452"]
[BlackElo "1782"]
[WhiteTeam "Turkish Airlines Sports Club"]
[BlackTeam "Satranc Istanbul"]
[WhiteFideId "8618020"]
[BlackFideId "34531815"]
[EventDate "2025.06.14"]
[EventType "team"]

1. e4 c6 2. d4 d5 3. Nc3 dxe4 4. Nxe4 Nf6 5. Nxf6+ exf6 6. Be3 Bd6 7. Bd3 O-O 8.
Ne2 Re8 9. c4 Nd7 10. Qc2 h5 11. O-O h4 12. h3 Nf8 13. Rad1 Be6 14. Nc3 Rc8 15.
c5 Bb8 16. Be4 Qc7 17. f4 Bc4 18. Rf3 g6 19. d5 cxd5 20. Bxd5 Rxe3 21. Rxe3 Qxf4
22. Qe4 Qh2+ 23. Kf2 Bg3+ 24. Kf3 Bxd5 1-0

[Event "FIDE World Bl Team Pool A"]
[Site "London ENG"]
[Date "2025.06.14"]
[Round "9.6"]
[White "Demir, Aleyna"]
[Black "Yildiz, Ali Aras"]
[Result "0-1"]
[WhiteElo "1651"]
[BlackElo "2089"]
[WhiteTeam "Satranc Istanbul"]
[BlackTeam "Turkish Airlines Sports Club"]
[WhiteFideId "6378323"]
[BlackFideId "51619822"]
[EventDate "2025.06.14"]
[EventType "team"]

1. e4 c5 2. Nf3 d6 3. d4 cxd4 4. Qxd4 Nc6 5. Bb5 Bd7 6. Bxc6 Bxc6 7. Nc3 Nf6 8.
Bg5 e6 9. O-O-O Be7 10. Qe3 Qa5 11. Nd4 Ng4 12. Qd2 Qxg5 13. f4 Qa5 14. h3 Nf6
15. Rhe1 Rc8 16. e5 Nd5 17. Nb3 Qb4 18. Re4 Qb6 19. Ne2 dxe5 20. Rxe5 Bf6 21.
Re4 O-O 22. g4 Rfd8 23. Qe1 Ne3 24. Rxd8+ Rxd8 25. g5 Bxe4 26. Nd2 Nxc2 27. Nc3
Nxe1 0-1